000 00254nam a2200109 a 4500
005 20140414132043.0
008 110325s19uu xx 00 eng d
050 _aBB
_bD14 2009
100 _aAlmario, Virgilio
245 _aSi Daginding.
999 _c113904
_d113904